International economics

Enregistré dans:
Détails bibliographiques
Auteur principal:  Pugel, Thomas A
Format: Sách
Langue:Undetermined
Publié:  McGraw-Hill Irwin  2007
Sujets:
Tags: Ajouter un tag
Pas de tags, Soyez le premier à ajouter un tag!
Thư viện lưu trữ: Trung tâm Thư viện - Trường Đại học Công nghiệp TP. Hồ Chí Minh
LEADER 00475nam a2200157Ia 4500
001 UIH_05667
008 231011s9999 xx 000 0 und d
082 |a  337 
100 |a  Pugel, Thomas A 
245 0 |a  International economics 
245 0 |c  Pugel, Thomas A 
260 |b  McGraw-Hill Irwin 
260 |c  2007 
650 |a  Kinh tế quốc tế;  
927 |a Sách 
980 |a Trung tâm Thư viện - Trường Đại học Công nghiệp TP. Hồ Chí Minh